Normal view
MARC view
- Mendiola, Víctor Manuel,
Entry Nombre Personal
001 - NUMERO DE CONTROL
- campo de control: 39906
003 - IDENTIFICADOR DE NUMERO DE CONTROL
- campo de control: UPN
005 - FECHA Y HORA DE LA ÜLTIMA TRANSACCIÓN
- campo de control: 20210219194550.0
008 - DATOS DE LONGITUD FIJA
- campo de control de longitud fija: nabaccnnaabn|||||||||| b |nc|||||d
035 ## - NUMERO DE CONTROL
- Número de control: UPN11000012013
040 ## - FUENTE DE CATALOGACIÓN
- Lenguaje de catalogación: SPA
- Agencia de transcripción: UPN
053 #4 - NÚMERO DE CLASIFICACIÓN LC
- Número de clasificación elemento-número único o número inicial de tramo: PQ7298.23
- Número de clasificación número de tramo final del elemento: E4.8
100 1# - ENCABEZAMIENTO - NOMBRE PERSONAL
- Nombre personal: Mendiola, Víctor Manuel,
- Fechas asociadas con el nombre: 1954-
400 1# - VEÁSE - NOMBRE DE PERSONA
- Personal name: Mendiola Patiño, Víctor Manuel,
- Dates associated with a name: 1954-
670 ## - FUENTE EN LA QUE SE LOCALIZARON DATOS
- Cita de la fuente: LC
680 ## - NOTA PUBLICA DE ACCESO PÚBLICO
- Frase explicativa de la referencia: Poeta, ensayista y editor mexicano
902 ## - CATALOGADOR
- Catalogador: BDV/07032017
